Toutes les Techniques d'Austin Hobbes/Toramaru D'Inazuma Eleven - Statistiques

Statistiques générales
  • Ce quiz a été pris 57 fois
  • Le résultat moyen est 6 sur 7
Statistiques - réponses
Réponse Type de quiz Première Utilisation % Correct
Frappe du Tigre TIR S3
100%
Tempête du Tigre TIR S3
100%
Cercle d'Épées TIR S3
92%
Ouragan Inazuma TIR S3
92%
Feu Tout-Puissant TIR S3
86%
Tir Téléguidé TIR S3
84%
Une-Deux Solitaire ATT S3
59%
Aucun quiz correspondant
Distribution des résultats
% des personnes avec chaque résultat
Percentile par nombre de réponses
Votre historique - résultats
Vous n’avez pas pris ce quiz